000 00604nam a22002297a 4500
003 UA-OsUOA
001 94888
007 ta
008 20130219b un ||||| |||| 00| 0 ukr d
100 _aДаниел М.
090 _a821.162.3
_bД18
942 _cBK
040 _aUA-OsUOA
_brus
_cUA-OsUOA
_dUA-OsUOA
245 _aЖизнь и смерть на вершинах мира
300 _a197 с.
955 _a3
041 _arus
080 _a821.162.3
260 _aМ.
_bМысль
_c1980
650 7 _a82 Література. Літературознавство
_2UDC
999 _c381082
_d381082